Atkins' physical chemistry / (Record no. 12139)
[ view plain ]
| 000 -LEADER | |
|---|---|
| fixed length control field | 00738nam a2200265 a 4500 |
| 001 - CONTROL NUMBER | |
| JCCL Control Number | 12139 |
| 003 - CONTROL NUMBER IDENTIFIER | |
| JCCL marc code | BD-JhCC |
| 005 - DATE AND TIME OF LATEST TRANSACTION | |
| control field | 20210321085333.0 |
| 008 - FIXED-LENGTH DATA ELEMENTS--GENERAL INFORMATION | |
| fixed length control field | 210321m20022016nyua|||| |||| 001 0 eng d |
| 020 ## - INTERNATIONAL STANDARD BOOK NUMBER | |
| International Standard Book Number | 9780198728726 |
| 020 ## - INTERNATIONAL STANDARD BOOK NUMBER | |
| International Standard Book Number | 0198728727 |
| 035 ## - SYSTEM CONTROL NUMBER | |
| system control number | (BD-JhCC)12139 |
| 040 ## - CATALOGING SOURCE | |
| Original cataloging agency | BD-JhCC |
| Modifying agency | BD-JhCC |
| 041 ## - LANGUAGE CODE | |
| Language code of Book | eng |
| 082 ## - DEWEY DECIMAL CLASSIFICATION NUMBER | |
| Classification number | 541.3 |
| Author mark and Year | ATK 2016 |
| 100 ## - MAIN ENTRY--PERSONAL NAME | |
| Personal name | Atkins, Peter |
| 245 ## - TITLE STATEMENT | |
| Title | Atkins' physical chemistry / |
| Statement of responsibility, etc | Peter Atkins and Julio de Paula |
| 250 ## - EDITION STATEMENT | |
| Edition statement | 10th ed. |
| 260 ## - PUBLICATION, DISTRIBUTION, ETC. (IMPRINT) | |
| Place of publication, distribution, etc | London : |
| Name of publisher, distributor, etc | Oxford University Press, |
| Date of publication, distribution, etc | 2016 [reprinted] |
| 300 ## - PHYSICAL DESCRIPTION | |
| Pagination | xxv, 1008 p. : |
| Other physical details | ill. ; |
| Dimensions | 26 cm. |
| 504 ## - BIBLIOGRAPHY, ETC. NOTE | |
| Bibliography, etc | Includes index. |
| 650 ## - SUBJECT ADDED ENTRY--TOPICAL TERM | |
| Topical term or geographic name as entry element | Chemistry, Physical and theoretical |
| 700 ## - ADDED ENTRY--PERSONAL NAME | |
| Personal name | De Paula, Julio |
| 942 ## - ADDED ENTRY ELEMENTS (KOHA) | |
| Source of classification or shelving scheme | Dewey Decimal Classification |
| Koha item type | Books |
| Source of classification or shelving scheme | Damaged status | Not for loan | Home library | Current library | Shelving location | Date of accession | Cost, normal purchase price | Total Checkouts | Full call number | Barcode | Date last seen | Date checked out | Copy number | Koha item type |
|---|---|---|---|---|---|---|---|---|---|---|---|---|---|---|
| Dewey Decimal Classification | JCC Rouf Library | JCC Rouf Library | General Stacks | 03/21/2021 | 1394.00 | 1 | 541.3 ATK 2016 | 16601 | 08/02/2023 | 07/31/2023 | C-1 | Books |